The Bengali reaction to Christian missionary activities, 1833-1857 / (Record no. 8097)
[ view plain ]
| 000 -LEADER | |
|---|---|
| fixed length control field | 00725nam a2200241 a 4500 |
| 001 - CONTROL NUMBER | |
| JCCL Control Number | 8097 |
| 003 - CONTROL NUMBER IDENTIFIER | |
| JCCL marc code | BD-JhCC |
| 005 - DATE AND TIME OF LATEST TRANSACTION | |
| control field | 20180218161135.0 |
| 008 - FIXED-LENGTH DATA ELEMENTS--GENERAL INFORMATION | |
| fixed length control field | 180218s1965 bg 001 0 eng d |
| 035 ## - SYSTEM CONTROL NUMBER | |
| system control number | (BD-JhCC)8097 |
| 040 ## - CATALOGING SOURCE | |
| Original cataloging agency | BD-JhCC |
| Modifying agency | BD-JhCC |
| 041 ## - LANGUAGE CODE | |
| Language code of Book | eng |
| 082 ## - DEWEY DECIMAL CLASSIFICATION NUMBER | |
| Classification number | 266.5541 |
| Author mark and Year | ALI 1965 |
| 100 1# - MAIN ENTRY--PERSONAL NAME | |
| Personal name | Ali, Muhammad Mohar. |
| 245 14 - TITLE STATEMENT | |
| Title | The Bengali reaction to Christian missionary activities, 1833-1857 / |
| Statement of responsibility, etc | by Muhammad Mohar Ali. |
| 260 ## - PUBLICATION, DISTRIBUTION, ETC. (IMPRINT) | |
| Place of publication, distribution, etc | Chittagong : |
| Name of publisher, distributor, etc | Mehrub Publications, |
| Date of publication, distribution, etc | 1965. |
| 300 ## - PHYSICAL DESCRIPTION | |
| Pagination | xii, 243 p. ; |
| Dimensions | 23 cm. |
| 502 ## - DISSERTATION NOTE | |
| Dissertation note | Thesis (Ph. D.)--University of London, 1963. |
| 504 ## - BIBLIOGRAPHY, ETC. NOTE | |
| Bibliography, etc | Bibliography: p. [211]-232. |
| 650 00 - SUBJECT ADDED ENTRY--TOPICAL TERM | |
| Topical term or geographic name as entry element | Missions |
| Geographic subdivision | India |
| -- | Bengal. |
| 942 ## - ADDED ENTRY ELEMENTS (KOHA) | |
| Source of classification or shelving scheme | Dewey Decimal Classification |
| Koha item type | Books |
| Source of classification or shelving scheme | Damaged status | Not for loan | Home library | Current library | Shelving location | Date of accession | Total Checkouts | Full call number | Barcode | Date last seen | Copy number | Koha item type |
|---|---|---|---|---|---|---|---|---|---|---|---|---|
| Dewey Decimal Classification | JCC Rouf Library | JCC Rouf Library | General Stacks | 02/18/2018 | 266.5541 ALI 1965 | 10581 | 02/18/2018 | C-1 | Books |